<?xml version="1.0" encoding="UTF-8"?>
<record
    xmlns:xsi="http://www.w3.org/2001/XMLSchema-instance"
    xsi:schemaLocation="http://www.loc.gov/MARC21/slim http://www.loc.gov/standards/marcxml/schema/MARC21slim.xsd"
    xmlns="http://www.loc.gov/MARC21/slim">

  <leader>01155cam a2200265   4500</leader>
  <controlfield tag="001">hew67000079 </controlfield>
  <controlfield tag="003">DLC</controlfield>
  <controlfield tag="005">20260227111516.0</controlfield>
  <controlfield tag="008">700619s1967    dcua     b    00010 eng c</controlfield>
  <datafield tag="010" ind1=" " ind2=" ">
    <subfield code="a">hew67000079 //r89</subfield>
  </datafield>
  <datafield tag="040" ind1=" " ind2=" ">
    <subfield code="a">U.S. Dept. of Health, Education and Welfare. Library HV741</subfield>
    <subfield code="d">DLC</subfield>
  </datafield>
  <datafield tag="050" ind1="0" ind2=" ">
    <subfield code="a">HV854</subfield>
    <subfield code="b">.D58</subfield>
  </datafield>
  <datafield tag="051" ind1=" " ind2=" ">
    <subfield code="a">HV741</subfield>
    <subfield code="b">.A32 no. 444</subfield>
    <subfield code="c">Copy 3.</subfield>
  </datafield>
  <datafield tag="100" ind1="1" ind2="0">
    <subfield code="a">Dittmann, Laura L.</subfield>
  </datafield>
  <datafield tag="245" ind1="1" ind2="0">
    <subfield code="a">Children in day care,</subfield>
    <subfield code="b">with focus on health</subfield>
    <subfield code="c">[by] Laura Dittmann, with the Committee on Day Care, Maternal and Child Health Section, American Public Health Association.</subfield>
  </datafield>
  <datafield tag="260" ind1="0" ind2=" ">
    <subfield code="a">[Washington]</subfield>
    <subfield code="b">U.S. Children's Bureau; [for sale by the Supt. of Docs., U.S. Govt. Print. Off.]</subfield>
    <subfield code="c">1967.</subfield>
  </datafield>
  <datafield tag="300" ind1=" " ind2=" ">
    <subfield code="a">vi, 120 p.</subfield>
    <subfield code="b">illus.</subfield>
    <subfield code="c">24 cm.</subfield>
  </datafield>
  <datafield tag="490" ind1="1" ind2=" ">
    <subfield code="a">[United States]. Children's Bureau. Publication</subfield>
    <subfield code="v">no. 444</subfield>
  </datafield>
  <datafield tag="504" ind1=" " ind2=" ">
    <subfield code="a">Includes bibliographies.</subfield>
  </datafield>
  <datafield tag="650" ind1=" " ind2="0">
    <subfield code="a">Day care centers</subfield>
    <subfield code="z">United States.</subfield>
  </datafield>
  <datafield tag="650" ind1=" " ind2="0">
    <subfield code="a">Child health services.</subfield>
  </datafield>
  <datafield tag="650" ind1=" " ind2="4">
    <subfield code="a">Day care centers</subfield>
    <subfield code="z">United States.</subfield>
  </datafield>
  <datafield tag="710" ind1="2" ind2="0">
    <subfield code="a">American Public Health Association.</subfield>
    <subfield code="b">Committee on Day Care.</subfield>
  </datafield>
  <datafield tag="830" ind1=" " ind2="0">
    <subfield code="a">Bureau publication (United States. Children's Bureau) ;</subfield>
    <subfield code="v">no. 444.</subfield>
  </datafield>
  <datafield tag="999" ind1=" " ind2=" ">
    <subfield code="c">34694</subfield>
    <subfield code="d">34694</subfield>
  </datafield>
</record>
